| 000 | 00611nam a2200181 a 4500 | ||
|---|---|---|---|
| 005 | 20210223131818.0 | ||
| 008 | 080811s1982 mx r 000 0 spa d | ||
| 035 | _aUPN01000186490 | ||
| 049 | _aUNE | ||
| 080 | _a374.32 (72) EMP No.2 | ||
| 245 | 0 | 3 | _aEl empleo y la educación para jóvenes |
| 260 |
_aMéxico : _bConsejo Nacional de Recursos para la Atención de la Juventud, _c1982. |
||
| 300 |
_a88 p. : _bfot. |
||
| 440 | 0 |
_aEmpleo ; _v2 |
|
| 690 | _aJuventud - Educacion y empleo - Mexico | ||
| 710 | 2 |
_aConsejo Nacional de Recursos para la Atención de la Juventud (México) _910235 |
|
| 905 | _aUNESCO | ||
| 999 |
_c158593 _d158593 |
||